000 01128nac a22003377a 4500
001 BR0404077
003 BR-BrBNA
005 20240105123040.0
008 230509b bl.|||m| |||| 00| 0 por d
040 _aBR-BrBNA
_bpor
_cBiblioteca Nacional de Agricultura
072 _aD50; H10; H20
090 _a4010 BR0404077
100 1 _aSá, L.A.N.
100 1 _aLucchini, F.
100 1 _aTambasco, F.J.
100 1 _aDe Nardo, E.A.B.
100 1 _aMoraes, G.J. de
110 1 _aEMBRAPA Meio Ambiente, Jaguariúna, SP (Brasil)
245 1 _aRegimento Interno e Normas de funcionamento do Laboratório de Quarentena "Costa Lima" para o intercâmbio internacional de agentes de controle biológico
260 3 _aJaguariúna, SP (Brasil):
_c2000.
300 _a44 p.
490 _aDocumentos - EMBRAPA Meio Ambiente (Brazil)
_vno. 22
_xISSN 1516-4691
650 _aLABORATÓRIO
650 _aQUARENTENA
650 _aREGULAMENTAÇÃO
650 _aCONTROLE BIOLÓGICO
650 _aCOOPERAÇÃO INTERNACIONAL
650 _aSÃO PAULO
909 _a202312
_bLúcia Elande
_c55
_dLúcia Elande
942 _2AGRIS
_n0
_cMS
999 _c293784
_d293784